Más escritos dispersos / (Registro nro. 13829)

Detalles MARC
000 -LEADER
fixed length control field 01334nam a2200349 a 4500
001 - CONTROL NUMBER
control field
003 - CONTROL NUMBER IDENTIFIER
control field DO-SdBNP
005 - DATE AND TIME OF LATEST TRANSACTION
control field 20240408123950.0
008 - FIXED-LENGTH DATA ELEMENTS--GENERAL INFORMATION
fixed length control field 111213s2011 dr 001 0 spa d
020 ## - INTERNATIONAL STANDARD BOOK NUMBER
International Standard Book Number 9789945074352 (v.1)
020 ## - INTERNATIONAL STANDARD BOOK NUMBER
International Standard Book Number 9789945074413 (v.2)
040 ## - CATALOGING SOURCE
Original cataloging agency DO-SdBNP
Language of cataloging spa
Transcribing agency BPMSU
082 #4 - DEWEY DECIMAL CLASSIFICATION NUMBER
Classification number RD868.3
Item number L864m 2011
Edition number 22
100 1# - MAIN ENTRY--PERSONAL NAME
Personal name López, José Ramón,
Dates associated with a name 1866-1922
245 10 - TITLE STATEMENT
Title Más escritos dispersos /
Statement of responsibility, etc. José Ramón López ; editor Andrés Blanco Díaz.
260 ## - PUBLICATION, DISTRIBUTION, ETC. (IMPRINT)
Place of publication, distribution, etc. Santo Domingo :
Name of publisher, distributor, etc. Archivo General de la Nación,
Date of publication, distribution, etc. 2011.
300 ## - PHYSICAL DESCRIPTION
Extent 3 v. : ;
Dimensions 24 cm.
490 0# - SERIES STATEMENT
Series statement Publicaciones de Archivo General de la Nación,
Volume/sequential designation 143-144
500 ## - GENERAL NOTE
General note Incluye datos biográficos del autor en las solapas.
500 ## - GENERAL NOTE
General note Incluye índice.
500 ## - GENERAL NOTE
General note Incluye notas al pie de las páginas.
505 ## - FORMATTED CONTENTS NOTE
Formatted contents note v. 2 : Ensayos y artículos
590 ## - LOCAL NOTE (RLIN)
Local note Inventariado, 2021/VM
600 14 - SUBJECT ADDED ENTRY--PERSONAL NAME
Personal name López, José Ramón,
Dates associated with a name 1866-1922
Form subdivision Colecciones de escritos
650 #4 - SUBJECT ADDED ENTRY--TOPICAL TERM
Topical term or geographic name as entry element Ensayos dominicanos
651 #4 - SUBJECT ADDED ENTRY--GEOGRAPHIC NAME
Geographic name República Dominicana
General subdivision Historia
Chronological subdivision 1844
Form subdivision Ensayos, conferencias, etc.
651 #4 - SUBJECT ADDED ENTRY--GEOGRAPHIC NAME
Geographic name República Dominicana
General subdivision Condiciones sociales.
Form subdivision Ensayos, conferencias,
700 1# - ADDED ENTRY--PERSONAL NAME
Personal name Blanco Díaz, Andrés
Relator term ed.
710 2# - ADDED ENTRY--CORPORATE NAME
Corporate name or jurisdiction name as entry element Archivo General de la Nación (República Dominicana)
910 ## - USER-OPTION DATA (OCLC)
User-option data VMateo V.
942 ## - ADDED ENTRY ELEMENTS (KOHA)
Source of classification or shelving scheme Dewey Decimal Classification
Koha item type Libros
Existencias
Withdrawn status Lost status Source of classification or shelving scheme Damaged status Not for loan Collection code Home library Current library Date acquired Source of acquisition Total Checkouts Full call number Barcode Date last seen Copy number Price effective from Koha item type
    Dewey Decimal Classification     Colección Dominicana Biblioteca Pública Metropolitana Salomé Ureña Biblioteca Pública Metropolitana Salomé Ureña 11/02/2021 AGN   BPMSU CD RD868.3 L864m 2011 BPMSU21110015 11/02/2021 v.1 11/02/2021 Libros
    Dewey Decimal Classification     Colección Dominicana Biblioteca Pública Metropolitana Salomé Ureña Biblioteca Pública Metropolitana Salomé Ureña 11/02/2021 AGN   BPMSU CD RD868.3 L864m 2011 BPMSU21110016 11/02/2021 v.2 11/02/2021 Libros
    Dewey Decimal Classification     Colección Dominicana Biblioteca Pública Metropolitana Salomé Ureña Biblioteca Pública Metropolitana Salomé Ureña 11/02/2021 AGN   BPMSU CD RD868.3 L864e 1991 BPMSU24020341 02/21/2024 v.2 11/02/2021 Libros